000 01034nam a2200349Ia 4500
008 170203s9999 xx 000 0 und d
020 _a0-439559715
050 _aFic
050 _bSt857f
100 _aStilton, Geronimo.
245 2 _aA fabumouse vacation for Geronimo /
245 _cGeronimo Stilton ; illustrations by Larry Keys ; English translation by Edizioni Piemme S.p.A.
260 _aNew York :
260 _bScholastic,
260 _c2004
300 _a112 pages :
300 _bcolor illustrations, maps ;
300 _c20 cm.
440 _aGeronimo Stilton ;
440 _v#9.
500 _aTranslation of: Quella stratopica vacanza alla pensione Mirasorci.
650 _aHumorous stories.
650 _aJournalists --
650 _aMice --
650 _aStilton, Geronimo (Fictitious character) --
650 _aVacations --
650 _xFiction.
650 _xFiction.
650 _xJuvenile fiction.
650 _xJuvenile fiction.
700 _aKeys, Larry, illustrator.
999 _c306273
_d306273